LDR 01010naa#a2200169#i#450# 001 RU\\bibl\19507 005 20260516072540.6 100 ## _a20260515b2026####ek#y0rusy0150####ca 102 ## _aRU 200 1# _aВЗГЛЯД, КОТОРЫЙ ОБЯЗЫВАЕТ: ЭТИКА ДИАЛОГА «Я-ТЫ» КАК ОСНОВА СОХРАНЕНИЯ БИОРАЗНОБРАЗИЯ _eСтатья/тезисы конференции 210 1# _aВоронеж _cВоронежский государственный лесотехнический университет имени Г.Ф. Морозова _d2026 215 ## _a6 с. 608 ## _aСтатья/тезисы конференции _2local 675 ## _aЭтика. Учение о морали. Практическая философия. 17 _aОбщая экология. Биоценология. Гидробиология. Биогеография. 574 _z 700 #1 _aФесикова _gОксана Валерьевна 700 #1 _aБочаров _gД. В. 856 4# _abibl.vgltu.ru _u